LEADER 01203nam a2200265 u 4500 001 000000042205 003 CaOOAMICUS 005 20070226114311.0 008 990223s1944 fr a u000 u fre u 035 $a10815150 040 $aPUL(R)$bita 245 03$aLe chemin de la paix :$bune solution possible du problème humain, quelques questions, variations de la morale .. 260 $aSaint-Dié :$bInstitut international de la Paix,$c1944. 300 $a206 p. :$bill. ;$c18 cm 490 1 $aTroubat Le Houx ;$v5 504 $aBibliografia in nota. 650 4$aPace.$0(OLS)http://pul/subject/4327 650 4$aUomo e società.$0(OLS)http://pul/subject/3058 830 0$aTroubat Le Houx ;$v5.$0(OLS)http://pul/title/56929 850 $aPUL 852 $aPUL$W1$xDP1 Cons. Gen., Altre Classi 1$y22$m44 C 8$j57091$nBK-PRI$b $qStampati$B57091$CPULBib$Z2$F57091 $H $81 941 1 $a8 961 $aINV: 21738 996 $6245$aLe chemin de la paix :$bune solution possible du problème humain, quelques questions, variations de la morale ..$9(OLS)http://pul/title/56933 996 $6260$aSaint-Dié :$bInstitut international de la Paix$9(OLS)http://pul/publisher/64790 LEADER 00927naa a2200229 u 4500 001 000000096571 003 CaOOAMICUS 005 20070226130146.0 008 041027s1993 it u000 u ita u 020 $a8884021332 (v. 1:2) 035 $a11013079 040 $aIAR$bita 100 1 $aLeonardi, Claudio,$d1926-2010.$0(OLS)http://pul/name/1040 245 10$aAgiografia /$cClaudio Leonardi. 260 $aRoma :$bSalerno,$c1993. 300 $av. 1,2; S. 421-462 ;$c25 cm 650 4$aAgiografia$yEvo medio$xStoria.$0(OLS)http://pul/subject/30511 773 0 $aLo spazio letterario del medioevo - 1. Il medioevo latino.$gvol.1: La produzione del testo, tomo 2. 773 0 $tLo spazio letterario del Medioevo. 1, Il Medioevo latino$w()42277 996 $6020$a8884021332 (v. 1:2)$9(OLS)http://pul/number/52699 996 $6245$aAgiografia$9(OLS)http://pul/title/123447 996 $6260$aRoma :$bSalerno$9(OLS)http://pul/publisher/61304